000 006310000a22002050004500
020 _a1-57658-261-2
041 0 _aSPA
082 0 4 _aG 266.0092 B4662e
100 1 _aBenge, Janet
245 1 0 _aEric Liddell (1902-1945) : Algo más preciado que el oro / Janet & Geoff Benge
260 _aTyler, TX. : JUCUM
300 _a191 Pag
440 0 _aSerie Héroes Cristianos de Ayer y de Hoy
500 _aAtleta escocés, medalla de oro olimpica en París - Misionero en la China
001 12173
942 _cBK
999 _c41199
_d41199
336 _atexto
_btxt
_2rdacontent
337 _2rdamedia
_asin mediación
_bn
338 _2rdacarrier
_avolumen
_bnc